[Event "Chess.com Open Playoffs"]
[Site "chess.com INT"]
[Date "2026.04.23"]
[Round "1.3"]
[White "Sevian, Samuel"]
[Black "Abdusattorov, Nodirbek"]
[Result "0-1"]
[WhiteTitle "GM"]
[BlackTitle "GM"]
[WhiteElo "2696"]
[BlackElo "2780"]
[WhiteFideId "2040506"]
[BlackFideId "14204118"]
[EventDate "2026.04.23"]
[EventType "k.o."]

1. c4 e6 2. Nc3 d5 3. d4 c6 4. Nf3 Nf6 5. Bg5 Nbd7 6. e3 Qa5 7. Nd2 dxc4 8. Bxf6
Nxf6 9. Nxc4 Qc7 10. Rc1 Bd6 11. f4 O-O 12. Bd3 Be7 13. O-O c5 14. Ne5 cxd4 15.
Nb5 Qb6 16. Nxd4 Bd7 17. g4 Be8 18. g5 Nd7 19. Bxh7+ Kxh7 20. Qh5+ Kg8 21. Rf3
Bxg5 22. Rh3 Bh6 23. Ng4 e5 24. Nf5 Kh7 25. Nfxh6 gxh6 26. Qf5+ Kg7 27. Rxh6
Qxh6 28. Nxh6 Kxh6 29. Qg5+ Kh7 30. Kf2 f6 31. Qh4+ Kg7 32. f5 Rf7 33. Rg1+ Kf8
34. Qb4+ Re7 35. Qh4 Rf7 36. Qh8+ Ke7 37. h4 Nf8 38. h5 Rh7 39. Rg7+ Rxg7 40.
Qxg7+ Bf7 41. h6 Rc8 42. h7 Nxh7 43. Qxh7 Rc2+ 44. Ke1 Rxb2 45. a4 Rb3 46. Kd2
Rb4 47. Qh8 Rxa4 48. Qb8 Ra2+ 49. Ke1 b6 50. e4 a5 51. Qxb6 a4 52. Qc5+ Kd7 53.
Qf8 Bc4 54. Qxf6 Re2+ 55. Kd1 Rxe4 56. Qg7+ Kd6 57. f6 Rf4 58. Qe7+ Kc6 59. Qxe5
Rf1+ 60. Kd2 a3 61. Qe4+ Kc5 62. Qe7+ Kd5 63. Kc3 a2 64. Qf7+ Ke5 65. Qc7+ Kf5
66. Qd7+ Kxf6 67. Qd4+ Kf5 68. Qc5+ Kg6 69. Qd6+ Rf6 70. Qg3+ Kf7 0-1

[Event "Chess.com Open Playoffs"]
[Site "chess.com INT"]
[Date "2026.04.23"]
[Round "1.3"]
[White "Sindarov, Javokhir"]
[Black "Dubov, Daniil"]
[Result "0-1"]
[WhiteTitle "GM"]
[BlackTitle "GM"]
[WhiteElo "2745"]
[BlackElo "2654"]
[WhiteFideId "14205483"]
[BlackFideId "24126055"]
[EventDate "2026.04.23"]
[EventType "k.o."]

1. e4 e5 2. Nf3 Nc6 3. Bc4 Nf6 4. d3 Be7 5. O-O d6 6. a4 Be6 7. Bxe6 fxe6 8. c3
O-O 9. b4 a6 10. Re1 h6 11. Nbd2 Qe8 12. Nf1 Nd7 13. h3 Qf7 14. N1h2 Kh8 15. Ng4
Qg6 16. Bd2 Kh7 17. Qe2 a5 18. b5 Nd8 19. d4 Nf7 20. Rad1 Rae8 21. dxe5 Nfxe5
22. Nfxe5 Nxe5 23. Nxe5 dxe5 24. Qc4 Bh4 25. Be3 Rf3 26. Kf1 Rf7 27. Rd2 Ref8
28. Bc5 Qg3 29. Qe2 Qh2 0-1

[Event "Chess.com Open Playoffs"]
[Site "chess.com INT"]
[Date "2026.04.23"]
[Round "1.3"]
[White "Vachier-Lagrave, Maxime"]
[Black "Nihal, Sarin"]
[Result "1/2-1/2"]
[WhiteTitle "GM"]
[BlackTitle "GM"]
[WhiteElo "2717"]
[BlackElo "2723"]
[WhiteFideId "623539"]
[BlackFideId "25092340"]
[EventDate "2026.04.23"]
[EventType "k.o."]

1. c4 Nf6 2. g3 e6 3. Nf3 d5 4. Bg2 Nc6 5. cxd5 exd5 6. d3 h6 7. a3 Bd6 8. b4
O-O 9. Bb2 Re8 10. O-O Ne5 11. Nbd2 c6 12. Rb1 Bg4 13. h3 Nxf3+ 14. Nxf3 Bxf3
15. Bxf3 Be5 16. Bxe5 Rxe5 17. b5 cxb5 18. Rxb5 Qd7 19. Qb3 Qxh3 20. Rxb7 Rae8
21. Qb4 a5 22. Qd4 h5 23. Rc1 Ng4 24. Bxg4 hxg4 25. Qf4 Qh5 26. Rcc7 Rf5 27. Re7
Rc8 28. Rb8 Rxf4 29. Rxc8+ Kh7 30. gxf4 g3 31. fxg3 Qh3 32. Rcc7 Qxg3+ 33. Kf1
Qxf4+ 34. Ke1 Kg6 35. e3 Qf6 36. a4 Qa1+ 37. Ke2 Qb2+ 38. Kf3 Qf6+ 39. Kg3 Qg5+
40. Kf2 Qf6+ 41. Ke1 Qa1+ 42. Ke2 Qb2+ 43. Kd1 Qb1+ 44. Kd2 Qb2+ 45. Ke1 Qa1+ 1/2-1/2

[Event "Chess.com Open Playoffs"]
[Site "chess.com INT"]
[Date "2026.04.23"]
[Round "1.4"]
[White "Nepomniachtchi, Ian"]
[Black "Duda, Jan-Krzysztof"]
[Result "0-1"]
[WhiteTitle "GM"]
[BlackTitle "GM"]
[WhiteElo "2729"]
[BlackElo "2739"]
[WhiteFideId "4168119"]
[BlackFideId "1170546"]
[EventDate "2026.04.23"]
[EventType "k.o."]

1. e4 e5 2. Nf3 Nf6 3. Nxe5 d6 4. Nf3 Nxe4 5. Nc3 Nxc3 6. dxc3 Be7 7. Be3 Nc6 8.
Qd2 Be6 9. O-O-O Qd7 10. Kb1 Bf6 11. Ng5 Bxg5 12. Bxg5 f6 13. Be3 O-O-O 14. f3
a6 15. b3 Rhe8 16. Kb2 Kb8 17. h4 h5 18. Bf2 Bf5 19. a4 Re7 20. Bc4 Be6 21. Be2
Rde8 22. Rhe1 Bf5 23. Bf1 Rxe1 24. Bxe1 Bg6 25. Bf2 Ne5 26. a5 Qf5 27. Ra1 Bf7
28. Ra4 Re7 29. Rf4 Qd7 30. c4 Nc6 31. Qc3 Re5 32. b4 Qe6 33. c5 g5 34. hxg5
fxg5 35. Re4 Rxe4 36. fxe4 Qxe4 37. cxd6 cxd6 38. Qh8+ Kc7 39. c3 Qf4 40. Bb6+
Kd7 41. Bd3 Qd2+ 42. Bc2 Bg6 0-1

[Event "Chess.com Open Playoffs"]
[Site "chess.com INT"]
[Date "2026.04.23"]
[Round "1.4"]
[White "Yu, Yangyi"]
[Black "Lazavik, Denis"]
[Result "0-1"]
[WhiteTitle "GM"]
[BlackTitle "GM"]
[WhiteElo "2717"]
[BlackElo "2605"]
[WhiteFideId "8603820"]
[BlackFideId "13515110"]
[EventDate "2026.04.23"]
[EventType "k.o."]

1. e4 e5 2. Nf3 Nf6 3. d4 Nxe4 4. Bd3 d5 5. Nxe5 Nd7 6. O-O Nxe5 7. dxe5 Nc5 8.
Be2 Be7 9. f4 O-O 10. Be3 Ne4 11. Nd2 Bc5 12. Bxc5 Nxc5 13. Nf3 c6 14. Kh1 f6
15. Qe1 fxe5 16. Nxe5 Qf6 17. c4 Be6 18. Qb4 Ne4 19. Bd3 a5 20. Qxb7 Nc5 21.
Qxc6 Rfc8 22. Qd6 Ra6 23. Qxa6 Nxa6 24. cxd5 Bxd5 25. Rad1 Nb4 26. Bb1 Bxa2 27.
Be4 Rd8 28. Rc1 Bd5 29. Bb1 g6 30. Rce1 Be6 31. Rf2 Bf5 32. Bxf5 Qxf5 33. Ref1
Rf8 34. Rf3 Nd5 35. Nc6 Qe4 36. h3 Rxf4 37. Nxa5 Ne3 38. R1f2 Rxf3 39. Rxf3 Qb1+
40. Kh2 Nf1+ 0-1

[Event "Chess.com Open Playoffs"]
[Site "chess.com INT"]
[Date "2026.04.23"]
[Round "2.1"]
[White "Carlsen, Magnus"]
[Black "Keymer, Vincent"]
[Result "1-0"]
[WhiteTitle "GM"]
[BlackTitle "GM"]
[WhiteElo "2840"]
[BlackElo "2762"]
[WhiteFideId "1503014"]
[BlackFideId "12940690"]
[EventDate "2026.04.23"]
[EventType "k.o."]

1. d4 Nf6 2. c4 e6 3. Nc3 Bb4 4. g3 Bxc3+ 5. bxc3 Nc6 6. Nf3 d6 7. Qc2 O-O 8.
Bg2 Na5 9. Nd2 Rb8 10. O-O b6 11. Re1 Ba6 12. c5 Qd7 13. Nb3 Nc4 14. Bg5 Qe7 15.
c6 h6 16. Bxf6 Qxf6 17. e4 e5 18. Bf1 Na3 19. Qd1 Bxf1 20. Kxf1 Qe6 21. Kg2 f5
22. d5 Qg6 23. Nd2 b5 24. f3 Nc4 25. Nxc4 bxc4 26. Rb1 fxe4 27. fxe4 Rxb1 28.
Qxb1 Qg4 29. Qd1 Qxd1 30. Rxd1 Rb8 31. Kf3 Kf7 32. Ke3 Ke7 33. h4 Rb2 34. h5 a5
35. a4 Rb3 36. Rc1 Rb2 37. g4 Rb3 38. Rc2 Rb1 39. g5 hxg5 40. Rg2 Re1+ 41. Kd2
Rxe4 42. Rxg5 Kf7 43. Rg6 Rh4 44. Rxd6 Rh2+ 45. Ke1 Rh1+ 46. Kf2 Rh2+ 47. Kg3
Rc2 48. Rd7+ Kf6 49. d6 Rxc3+ 50. Kg4 1-0

[Event "Chess.com Open Playoffs"]
[Site "chess.com INT"]
[Date "2026.04.23"]
[Round "2.1"]
[White "Dubov, Daniil"]
[Black "Nihal, Sarin"]
[Result "1/2-1/2"]
[WhiteTitle "GM"]
[BlackTitle "GM"]
[WhiteElo "2654"]
[BlackElo "2723"]
[WhiteFideId "24126055"]
[BlackFideId "25092340"]
[EventDate "2026.04.23"]
[EventType "k.o."]

1. e4 c5 2. Nf3 d6 3. d4 cxd4 4. Nxd4 Nf6 5. Nc3 a6 6. Bc4 Bd7 7. Be3 Nc6 8. Qe2
Rc8 9. Bb3 e6 10. O-O Be7 11. Rad1 O-O 12. f4 Qc7 13. f5 Nxd4 14. Bxd4 b5 15. e5
dxe5 16. Bxe5 Qc6 17. Bxf6 Bxf6 18. Ne4 exf5 19. Nxf6+ gxf6 20. Qh5 Be6 21. Rd3
Qc5+ 22. Kh1 f4 23. Qxc5 Rxc5 24. Rxf4 Bxb3 25. Rxb3 Rxc2 26. h3 Rc6 27. Rg3+
Kh8 28. Rgf3 Kg7 29. Rg4+ Kh8 30. Rgf4 Kg7 31. Rg4+ Kh8 32. Rgf4 1/2-1/2

[Event "Chess.com Open Playoffs"]
[Site "chess.com INT"]
[Date "2026.04.23"]
[Round "2.1"]
[White "Duda, Jan-Krzysztof"]
[Black "Movahed, Sina"]
[Result "1/2-1/2"]
[WhiteTitle "GM"]
[BlackTitle "GM"]
[WhiteElo "2739"]
[BlackElo "2575"]
[WhiteFideId "1170546"]
[BlackFideId "42520835"]
[EventDate "2026.04.23"]
[EventType "k.o."]

1. e4 e5 2. Nf3 Nc6 3. Bb5 a6 4. Ba4 d6 5. O-O b5 6. Bb3 Na5 7. d4 exd4 8. Nxd4
Bb7 9. Nf3 Be7 10. Nc3 Nf6 11. Re1 Nxb3 12. axb3 O-O 13. Bf4 b4 14. Nd5 Nxd5 15.
exd5 Bf6 16. Ra2 Re8 17. Be3 Qd7 18. Qd2 a5 19. h3 Qb5 20. Rd1 h6 21. Qd3 Qxd3
22. Rxd3 Bc8 23. Bd4 Bf5 24. Rd2 Be7 25. c4 g5 26. Be3 Bf6 27. Nd4 Bxd4 28. Bxd4
Re1+ 29. Kh2 Kh7 30. f3 h5 31. c5 Ra6 32. cxd6 cxd6 33. g4 hxg4 34. hxg4 Bc8 35.
Kg3 Kg6 36. Bf2 Rc1 37. Re2 Bb7 38. Re1 Rxe1 39. Bxe1 f5 40. gxf5+ Kxf5 41. Ra1
Ra8 42. Bf2 Bxd5 43. Bb6 Ke6 44. Kg4 Rf8 45. Re1+ Kd7 46. Re3 Rb8 47. Bd4 Rb5
48. Kg3 Be6 49. Bf6 Rf5 50. Bd4 Rd5 51. Bb6 Bf7 52. Kg4 Bg8 53. Kg3 Be6 54. Re4
Rb5 55. Be3 Bxb3 56. Rg4 a4 57. Rxg5 Rxg5+ 58. Bxg5 Kc6 59. Kf2 Kb5 60. Ke3 Kc4
61. Kd2 Ba2 62. Kc1 Kb5 63. f4 Be6 64. Bf6 Bf5 65. Kd2 Kc4 66. Bg7 d5 67. Ke3
Bg6 68. Bf6 Bh7 69. Be5 Kb3 70. Kd2 Bf5 71. Bf6 Ka2 72. Kc1 Bg6 73. Be5 Bh7 74.
Bf6 Kb3 75. Kd2 Bg6 76. Bg7 Bf5 77. Bf6 Kc4 78. Ke3 Bh7 79. Bh8 Bb1 80. Bg7 Bc2
81. Bf6 a3 82. bxa3 bxa3 83. Be5 Bf5 84. Bf6 Kb3 85. Kd2 Ka2 86. Kc1 Bg6 87. Bg7
Bh7 88. Bh8 Be4 89. Be5 Kb3 90. Kd2 Bf5 91. Bg7 Kb4 92. Bh8 Kc5 93. Ke3 Kc4 94.
Bf6 Bg6 95. Bg7 Bh7 96. Be5 Kb3 97. Kd2 Kb4 98. Bf6 Ka4 99. Bg7 Kb5 100. Bf6 Kc5
101. Be7+ Kd4 102. Bxa3 Ke4 103. Bd6 d4 104. Be5 Bf5 105. Bc7 d3 106. Bb8 Bg6
107. Be5 Bf5 108. Bd6 Bh7 109. Bc7 Bf5 110. Bb6 Bh7 111. Be3 Bf5 112. Bf2 Bh7
113. Bg3 Bf5 114. Bh2 Bh7 115. Bg1 Bf5 116. Bc5 Bh7 117. Bd6 Bf5 118. Be5 Bh7
119. Kd1 Bf5 120. Bc3 Bh7 121. Bd2 Bf5 122. Ke1 Bh7 123. Kf2 Bf5 124. Kg3 Bh7
125. Kg4 Bf5+ 126. Kg5 Bc8 127. Kf6 Kf3 128. Ke5 Ke2 129. Bb4 d2 130. Bxd2 Kxd2
131. Ke4 Kc3 132. Ke3 Kc4 133. Ke4 Kc5 134. Ke5 Kc6 135. Kf6 Kd7 136. Kf7 Kd6
137. Kf6 Kd5 138. Kg6 Ke4 139. Kg5 Bf5 140. Kf6 Kxf4 1/2-1/2

[Event "Chess.com Open Playoffs"]
[Site "chess.com INT"]
[Date "2026.04.23"]
[Round "2.1"]
[White "Lazavik, Denis"]
[Black "Abdusattorov, Nodirbek"]
[Result "0-1"]
[WhiteTitle "GM"]
[BlackTitle "GM"]
[WhiteElo "2605"]
[BlackElo "2780"]
[WhiteFideId "13515110"]
[BlackFideId "14204118"]
[EventDate "2026.04.23"]
[EventType "k.o."]

1. c4 e6 2. Nc3 d5 3. d4 c6 4. Nf3 Nf6 5. cxd5 exd5 6. Qc2 Nbd7 7. Bg5 Be7 8. e3
Nf8 9. Bd3 Ne6 10. Bh4 g6 11. O-O O-O 12. Rab1 Ng7 13. b4 a6 14. a4 Bf5 15. b5
axb5 16. axb5 Bxd3 17. Qxd3 Nf5 18. Bxf6 Bxf6 19. bxc6 bxc6 20. Rfc1 Nd6 21. Ne2
Qd7 22. h3 Rfc8 23. Nd2 Kg7 24. Rc2 h5 25. Rbc1 Rab8 26. Nc3 Ra8 27. Ra2 Rxa2
28. Nxa2 Rb8 29. Nc3 Qa7 30. Qc2 Bd8 31. Ne2 Rb6 32. Nc3 Ra6 33. Nf3 Nc4 34. e4
Ba5 35. exd5 Bxc3 36. Qxc3 cxd5 37. Re1 Qb7 38. Qc1 Nd6 39. Qf4 Ne4 40. Ng5 Rf6
41. Qe5 Nxg5 42. Qxg5 Qb2 43. Qh4 Qd2 44. Re3 Rf5 45. Rf3 Qd1+ 46. Kh2 Rxf3 47.
gxf3 Qxf3 48. Kg1 Qf6 49. Qg3 Qxd4 50. Qd6 Qe4 51. Qa3 d4 52. Qb2 Kh7 53. Qb3
Qf5 54. Kg2 d3 0-1

[Event "Chess.com Open Playoffs"]
[Site "chess.com INT"]
[Date "2026.04.23"]
[Round "2.2"]
[White "Abdusattorov, Nodirbek"]
[Black "Lazavik, Denis"]
[Result "0-1"]
[WhiteTitle "GM"]
[BlackTitle "GM"]
[WhiteElo "2780"]
[BlackElo "2605"]
[WhiteFideId "14204118"]
[BlackFideId "13515110"]
[EventDate "2026.04.23"]
[EventType "k.o."]

1. e4 e5 2. Nf3 Nc6 3. Bb5 a6 4. Ba4 Nf6 5. O-O Be7 6. Bxc6 dxc6 7. d3 Nd7 8.
Nc3 Bd6 9. Be3 O-O 10. a4 a5 11. Ne2 Re8 12. Nd2 Nf8 13. f4 exf4 14. Bxf4 Ng6
15. Bxd6 cxd6 16. Kh1 d5 17. Nc3 Be6 18. Nf3 dxe4 19. Nxe4 h6 20. b3 f5 21. Ng3
f4 22. Ne4 Bd5 23. Nc3 Qf6 24. Qd2 Re3 25. Rae1 Bxf3 26. gxf3 Nh4 27. Ne4 Qg6
28. Qf2 Rxe1 29. Rxe1 Qh5 30. Rf1 Re8 31. Qg1 Re6 32. Qg4 Qxg4 33. fxg4 g5 34.
Kg1 Kf7 35. Kf2 Ng6 36. h3 b6 37. Nd2 Re3 38. Nf3 Ke6 39. Re1 Rxe1 40. Kxe1 Kd5
41. Ke2 Nf8 42. d4 b5 43. c3 bxa4 44. bxa4 c5 45. Kd3 c4+ 46. Ke2 Nd7 47. h4
gxh4 48. Nxh4 Nb6 49. Nf5 Nxa4 50. Kd2 f3 51. Ne3+ Ke4 52. Nxc4 f2 53. Ke2 Nxc3+
54. Kxf2 a4 55. Na3 Kxd4 56. Kg3 Ne4+ 57. Kf4 Nd6 58. Nb1 Kd3 59. Ke5 Nc4+ 60.
Kd5 Ne3+ 61. Kc5 Nxg4 62. Kb4 h5 63. Nc3 a3 0-1

[Event "Chess.com Open Playoffs"]
[Site "chess.com INT"]
[Date "2026.04.23"]
[Round "2.2"]
[White "Keymer, Vincent"]
[Black "Carlsen, Magnus"]
[Result "1/2-1/2"]
[WhiteTitle "GM"]
[BlackTitle "GM"]
[WhiteElo "2762"]
[BlackElo "2840"]
[WhiteFideId "12940690"]
[BlackFideId "1503014"]
[EventDate "2026.04.23"]
[EventType "k.o."]

1. e4 c5 2. Nf3 e6 3. c3 d5 4. exd5 exd5 5. Bb5+ Bd7 6. Qe2+ Qe7 7. Bxd7+ Nxd7
8. d4 Ngf6 9. Be3 Ng4 10. Bf4 Qxe2+ 11. Kxe2 O-O-O 12. Nbd2 Re8+ 13. Kf1 Be7 14.
Re1 Bd8 15. Rxe8 Rxe8 16. h3 Ngf6 17. Ng5 cxd4 18. Nxf7 Bc7 19. Bxc7 Kxc7 20.
cxd4 h6 21. Nf3 Re6 22. N7e5 Nxe5 23. Nxe5 Ra6 24. a3 Ra4 25. Ke2 Rxd4 26. Rc1+
Kd6 27. Nf3 Rc4 28. Rd1 Rc2+ 29. Rd2 Rxd2+ 30. Nxd2 d4 31. Kd3 Kd5 32. b4 g5 33.
Nb3 Ne4 34. Nxd4 Nxf2+ 35. Ke3 Nd1+ 36. Kd3 Nb2+ 37. Kc3 Ke4 38. Nb5 Nd1+ 39.
Kd2 Ne3 40. Nc3+ Kd4 41. Ne2+ Ke4 42. Nc3+ Kd4 43. Ne2+ Ke4 44. Nc3+ 1/2-1/2

[Event "Chess.com Open Playoffs"]
[Site "chess.com INT"]
[Date "2026.04.23"]
[Round "2.2"]
[White "Movahed, Sina"]
[Black "Duda, Jan-Krzysztof"]
[Result "0-1"]
[WhiteTitle "GM"]
[BlackTitle "GM"]
[WhiteElo "2575"]
[BlackElo "2739"]
[WhiteFideId "42520835"]
[BlackFideId "1170546"]
[EventDate "2026.04.23"]
[EventType "k.o."]

1. e4 e6 2. d4 d5 3. exd5 exd5 4. Nf3 Nf6 5. Bd3 Bd6 6. Qe2+ Qe7 7. Qxe7+ Kxe7
8. Nc3 c6 9. O-O Re8 10. Bg5 h6 11. Rae1+ Be6 12. Bd2 Kf8 13. Ne5 Nbd7 14. f4
Nb6 15. f5 Bd7 16. g4 Rad8 17. Bf4 Bc8 18. h3 Kg8 19. a3 Nh7 20. Kg2 Be7 21. Re2
Bh4 22. Rf3 Nd7 23. Rfe3 Nxe5 24. Rxe5 Rf8 25. R5e3 c5 26. Nb5 c4 27. Bd6 cxd3
28. cxd3 Bd7 29. Bxf8 Kxf8 30. Nc3 Bf6 31. Re5 Bxe5 32. dxe5 d4 33. Ne4 Ng5 34.
Nf2 Bc6+ 35. Kg3 Re8 36. h4 Nf3 37. e6 fxe6 38. fxe6 Ke7 39. b4 Rf8 40. b5 Bxb5 0-1

[Event "Chess.com Open Playoffs"]
[Site "chess.com INT"]
[Date "2026.04.23"]
[Round "2.2"]
[White "Nihal, Sarin"]
[Black "Dubov, Daniil"]
[Result "1/2-1/2"]
[WhiteTitle "GM"]
[BlackTitle "GM"]
[WhiteElo "2723"]
[BlackElo "2654"]
[WhiteFideId "25092340"]
[BlackFideId "24126055"]
[EventDate "2026.04.23"]
[EventType "k.o."]

1. d4 d5 2. c4 e6 3. Nf3 Nf6 4. Nc3 h6 5. e3 Be7 6. b3 O-O 7. Bb2 c5 8. cxd5
exd5 9. Be2 Nc6 10. O-O Bg4 11. dxc5 Bxc5 12. h3 Be6 13. Rc1 Be7 14. Nd4 Nxd4
15. Qxd4 Qa5 16. a3 Rfc8 17. b4 Qd8 18. Rfd1 a5 19. Bf3 axb4 20. axb4 Rc4 21.
Qxc4 dxc4 22. Rxd8+ Rxd8 23. b5 Rd2 24. Na4 Bd7 25. Bxf6 Bxf6 26. Rxc4 Bxb5 27.
Rb4 Be8 28. Nc5 b5 29. Ne4 Rd8 30. Nxf6+ gxf6 31. Kf1 Rc8 32. g4 Kf8 33. Be2 Rc5
34. Bd3 Ke7 35. Ke2 Bd7 36. Kd2 Kd6 37. Rf4 Ke7 38. Rb4 Kd6 39. Rf4 Ke7 40. Rb4 1/2-1/2

[Event "Chess.com Open Playoffs"]
[Site "chess.com INT"]
[Date "2026.04.23"]
[Round "2.3"]
[White "Carlsen, Magnus"]
[Black "Keymer, Vincent"]
[Result "1-0"]
[WhiteTitle "GM"]
[BlackTitle "GM"]
[WhiteElo "2840"]
[BlackElo "2762"]
[WhiteFideId "1503014"]
[BlackFideId "12940690"]
[EventDate "2026.04.23"]
[EventType "k.o."]

1. d4 Nf6 2. c4 e6 3. Nc3 Bb4 4. e3 O-O 5. Bd3 d5 6. Nf3 dxc4 7. Bxc4 c5 8. O-O
cxd4 9. exd4 b6 10. Qe2 Bb7 11. Rd1 h6 12. Be3 Bxc3 13. bxc3 Nc6 14. Bd3 Rc8 15.
Rac1 Ne7 16. c4 Nf5 17. Bxf5 exf5 18. d5 Qd6 19. Qb2 Ba6 20. Ne5 Ng4 21. Bf4
Rfe8 22. Nxg4 Qxf4 23. Ne3 Bxc4 24. d6 Be6 25. d7 Bxd7 26. Rxd7 Rxc1+ 27. Qxc1
Qa4 28. Qd2 f4 29. Nf1 f3 30. gxf3 Re6 31. Ng3 Rg6 32. Kg2 h5 33. Qd5 h4 34.
Qxf7+ Kh7 35. Rd8 hxg3 36. hxg3 Rf6 37. Qh5+ Rh6 38. Qf5+ Rg6 39. Rd6 1-0

[Event "Chess.com Open Playoffs"]
[Site "chess.com INT"]
[Date "2026.04.23"]
[Round "2.3"]
[White "Dubov, Daniil"]
[Black "Nihal, Sarin"]
[Result "1/2-1/2"]
[WhiteTitle "GM"]
[BlackTitle "GM"]
[WhiteElo "2654"]
[BlackElo "2723"]
[WhiteFideId "24126055"]
[BlackFideId "25092340"]
[EventDate "2026.04.23"]
[EventType "k.o."]

1. e4 e5 2. Bc4 Nf6 3. Nc3 Bc5 4. d3 O-O 5. Bg5 c6 6. Nf3 d6 7. O-O a5 8. a4
Nbd7 9. Ba2 h6 10. Bh4 Re8 11. h3 Nf8 12. Bg3 Ng6 13. Nh4 Nxh4 14. Bxh4 g5 15.
Bg3 Kg7 16. Kh1 Bb6 17. Ne2 d5 18. exd5 Nxd5 19. Bh2 Bf5 20. Bxd5 cxd5 21. d4 f6
22. f3 Rc8 23. c3 exd4 24. Nxd4 Bxd4 25. Qxd4 Rc4 26. Qa7 Qd7 27. Rae1 Rxe1 28.
Rxe1 d4 29. cxd4 Rxd4 30. Qxa5 Rxa4 31. Qc7 Qxc7 32. Bxc7 Kf7 33. Re2 Rc4 34.
Bd8 Rd4 35. Ba5 Rd5 36. Bb4 Be6 37. Rc2 h5 38. Rc7+ Rd7 39. Rxd7+ Bxd7 40. Bc3
h4 41. Kg1 Kg6 42. Kf2 f5 1/2-1/2

[Event "Chess.com Open Playoffs"]
[Site "chess.com INT"]
[Date "2026.04.23"]
[Round "2.3"]
[White "Duda, Jan-Krzysztof"]
[Black "Movahed, Sina"]
[Result "1-0"]
[WhiteTitle "GM"]
[BlackTitle "GM"]
[WhiteElo "2739"]
[BlackElo "2575"]
[WhiteFideId "1170546"]
[BlackFideId "42520835"]
[EventDate "2026.04.23"]
[EventType "k.o."]

1. e4 e5 2. Nf3 Nc6 3. Nc3 Nf6 4. Bb5 Nd4 5. Bc4 Nxf3+ 6. Qxf3 d6 7. O-O Be7 8.
d3 c6 9. h3 h6 10. Be3 g5 11. d4 g4 12. hxg4 Bxg4 13. Qg3 Rg8 14. dxe5 Be6 15.
Qf3 Bxc4 16. exf6 Bxf6 17. Rfd1 Qe7 18. Bd4 Bg5 19. b3 Be6 20. Nd5 Qd7 21. Nf6+
Bxf6 22. Bxf6 Rg4 23. c4 Kf8 24. Be5 Rg6 25. Rxd6 Qe7 26. Qf4 Kg8 27. Rad1 Kh7
28. Bc3 Rag8 29. g3 h5 30. Kg2 h4 31. Rh1 Rh6 32. Qe5 Qxd6 33. Qxd6 Bh3+ 34.
Rxh3 Rxd6 35. Rxh4+ Rh6 36. Rf4 f6 37. Bxf6 Rf8 38. e5 Rf7 39. Rd4 Kg6 40. f4
Kf5 41. Kf3 Rg6 42. Rd8 Rh7 43. Bh4 Rf7 44. c5 b6 45. b4 bxc5 46. bxc5 Rgg7 47.
Rd6 Rg6 48. Bf6 Rh7 49. Bg5 Rxd6 50. cxd6 Rb7 51. g4+ Ke6 52. Bf6 c5 53. f5+ Kd5
54. g5 c4 55. Ke3 Rh7 56. g6 Rh3+ 57. Kd2 Rh2+ 58. Kc3 Rh3+ 59. Kb4 a5+ 60. Ka4
Kc6 61. Be7 c3 62. Kb3 a4+ 63. Kc2 Rf3 64. e6 Kb5 65. d7 Kc4 66. d8=Q Rf2+ 67.
Kc1 Rf1+ 68. Qd1 Rf2 69. Qe1 Rxa2 70. Qe4+ Kb5 71. Qd5+ Kb6 72. Qxa2 Kb7 73. Kc2
Kb6 74. Qxa4 Kb7 75. Qc4 Kb8 76. g7 Kb7 77. g8=Q Ka7 78. Qd8 Kb7 79. Qd6 Ka8 80.
Qc8+ Ka7 81. Qcb8# 1-0

[Event "Chess.com Open Playoffs"]
[Site "chess.com INT"]
[Date "2026.04.23"]
[Round "2.3"]
[White "Lazavik, Denis"]
[Black "Abdusattorov, Nodirbek"]
[Result "1/2-1/2"]
[WhiteTitle "GM"]
[BlackTitle "GM"]
[WhiteElo "2605"]
[BlackElo "2780"]
[WhiteFideId "13515110"]
[BlackFideId "14204118"]
[EventDate "2026.04.23"]
[EventType "k.o."]

1. d4 Nf6 2. Nf3 d5 3. Bg5 Bf5 4. e3 e6 5. Bd3 Nbd7 6. Bxf5 exf5 7. Qd3 h6 8.
Bxf6 Qxf6 9. O-O c6 10. b3 Bd6 11. c4 O-O 12. Nc3 Qe6 13. c5 Bc7 14. b4 Nf6 15.
g3 Ne4 16. a4 Rfe8 17. b5 g5 18. Ne2 f4 19. exf4 gxf4 20. Ra2 Qg4 21. Kg2 Re6
22. Nh4 Ng5 23. Ng1 fxg3 24. hxg3 Rae8 25. Qd1 Qe4+ 26. Ngf3 Qh7 27. bxc6 bxc6
28. Rb2 Bd8 29. Rb8 Bf6 30. Rxe8+ Rxe8 31. Qb1 Qxb1 32. Rxb1 Re2 33. Nxg5 hxg5
34. Nf5 g4 35. Rh1 Rd2 36. Rh6 Bxd4 37. Nxd4 Rxd4 38. Rxc6 Rxa4 39. Rd6 d4 40.
c6 Rc4 41. c7 Rxc7 42. Rxd4 f5 43. Rd5 Rf7 44. f3 Kh7 45. fxg4 fxg4 46. Rd4 Rg7
47. Ra4 Kh6 48. Kf2 Rf7+ 49. Ke3 Kg5 50. Ra5+ Rf5 51. Rxa7 Rf3+ 52. Ke4 Rxg3 53.
Rg7+ Kh5 54. Rh7+ Kg6 55. Kf4 Ra3 56. Rh8 g3 57. Rg8+ Kh5 58. Rxg3 Rxg3 59. Kxg3 1/2-1/2

[Event "Chess.com Open Playoffs"]
[Site "chess.com INT"]
[Date "2026.04.23"]
[Round "2.4"]
[White "Abdusattorov, Nodirbek"]
[Black "Lazavik, Denis"]
[Result "1/2-1/2"]
[WhiteTitle "GM"]
[BlackTitle "GM"]
[WhiteElo "2780"]
[BlackElo "2605"]
[WhiteFideId "14204118"]
[BlackFideId "13515110"]
[EventDate "2026.04.23"]
[EventType "k.o."]

1. e4 e5 2. Nf3 Nc6 3. Bb5 a6 4. Ba4 Nf6 5. O-O Be7 6. Bxc6 dxc6 7. d3 Nd7 8.
Nc3 a5 9. a4 Bd6 10. Be3 b6 11. Nd2 Ba6 12. Ne2 Qe7 13. f4 O-O-O 14. f5 Nf6 15.
Kh1 h5 16. Qe1 h4 17. Bg5 h3 18. g4 Bb4 19. Rf3 Kb7 20. Rg3 Qd6 21. Rd1 Rd7 22.
Bxf6 Qxf6 23. Qf1 Rhd8 24. Nf3 c5 25. b3 c4 26. bxc4 Bxc4 27. Rxh3 Ba6 28. Rh7
Qc6 29. Nxe5 Qxe4+ 30. Qf3 Qxf3+ 31. Nxf3 Bf8 32. Ng3 Kb8 33. Re1 Bb7 34. Ne4
Bb4 35. Re2 f6 36. g5 b5 37. gxf6 gxf6 38. Rxd7 Rxd7 39. axb5 a4 40. Kg2 a3 41.
c3 Bxe4 42. dxe4 Bxc3 43. Ra2 Bb2 44. Kf2 Kb7 45. Ke3 Kb6 46. e5 fxe5 47. f6
Kxb5 48. Ke4 Kb4 49. Nxe5 Bxe5 50. Kxe5 Kb3 51. Ra1 Rh7 52. Rg1 c5 53. Ke6 Rxh2
54. f7 Re2+ 55. Kd5 Rf2 56. Kxc5 Rf5+ 57. Kb6 Rf6+ 58. Kb5 Rf5+ 59. Kb6 Rxf7 60.
Rg3+ Kb4 61. Rg4+ Kc3 62. Rg3+ Kb2 63. Rg2+ Kc1 64. Rg1+ Kd2 65. Rg2+ Ke1 66.
Ra2 Rf3 67. Kb5 Kd1 68. Kb4 Kc1 69. Rxa3 Rxa3 70. Kxa3 1/2-1/2